Гонщики Формулы-1 - Армагеддон - Statistics

General Stats
  • This quiz has been taken 22 times
  • The average score is 20 of 50
Answers on the Grid
Answers color-coded by a green-red scale on the quiz's grid according to % correct below.
Айртон Сенна
Карлос Мойя
Серхио Перес
Марин Чилич
Нино Фарина
Льюис Хэмилтон
Рихард Крайчек
Серхи Бругера
Юки Цунода
Роджер Федерер
Альберто Аскари
Стэн Вавринка
Энди Маррей
Ландо Норрис
Даниэль Риккардо
Пит Сампрас
Роберт Кубица
Энди Роддик
Стефан Эдберг
Джим Курье
Жак Вильнёв
Андре Агасси
Доминик Тим
Серхи Бругера
Фернандо Алонсо
Марат Сафин
Пьер Гасли
Джон Сёртис
Горан Иванишевич
Михаэль Штих
Даниил Квят
Макс Ферстаппен
Томас Юханссон
Найджел Мэнселл
Ллейтон Хьюитт
Фелипе Масса
Майк Хоторн
Нельсон Пике
Даниил Медведев
Иван Лендл
Ромен Грожан
Джим Кларк
Матс Виландер
Ники Лауда
Йохан Крик
Джоди Шектер
Себастьян Феттель
Майкл Чанг
Рафаэль Надаль
Ярно Трулли
Денни Халм
Шарль Леклер
Петр Корда
Джон Макинрой
Грэм Хилл
Бьорн Борг
Джимми Коннорс
Марио Андретти
Гильермо Вилас
Дженсон Баттон
Ален Прост
Гастон Гаудио
Ян Кодеш
Андрес Гомес
Нико Росберг
Стэн Смит
Марк Эдмондсон
Кеке Росберг
Фил Хилл
Марк Уэббер
Артур Эш
Деймон Хилл
Новак Джокович
Кен Розуолл
Илие Настасе
Джек Брэбем
Лэнс Стролл
Янник Синнер
Валттери Боттас
Йохен Риндт
Джон Ньюкомб
Мика Хаккинен
Дэвид Култхард
Адриано Панатта
Мануэль Орантес
Рубенс Баррикелло
Оскар Пиастри
Род Лейвер
Алан Джонс
Кими Антонелли
Джеймс Хант
Карлос Алькарас
Патрик Рафтер
Альберт Коста
Михаэль Шумахер
Кими Райкконен
Борис Беккер
Густаво Куэртен
Джеки Стюарт
 
Answer Stats
Answer % Correct
Михаэль Шумахер
83%
Айртон Сенна
75%
Серхио Перес
75%
Себастьян Феттель
75%
Льюис Хэмилтон
67%
Макс Ферстаппен
67%
Ники Лауда
67%
Кими Райкконен
67%
Фернандо Алонсо
58%
Даниил Квят
58%
Нико Росберг
58%
Дэвид Култхард
58%
Юки Цунода
50%
Даниэль Риккардо
50%
Шарль Леклер
50%
Дженсон Баттон
50%
Кеке Росберг
50%
Лэнс Стролл
50%
Оскар Пиастри
50%
Кими Антонелли
50%
Ландо Норрис
42%
Роберт Кубица
42%
Жак Вильнёв
42%
Пьер Гасли
42%
Нельсон Пике
42%
Ромен Грожан
42%
Валттери Боттас
42%
Мика Хаккинен
42%
Ярно Трулли
33%
Марк Уэббер
33%
Джеймс Хант
33%
Джеки Стюарт
33%
Альберто Аскари
25%
Найджел Мэнселл
25%
Фелипе Масса
25%
Джим Кларк
25%
Грэм Хилл
25%
Марио Андретти
25%
Ален Прост
25%
Деймон Хилл
25%
Рубенс Баррикелло
25%
Нино Фарина
17%
Джоди Шектер
17%
Фил Хилл
17%
Джек Брэбем
17%
Йохен Риндт
17%
Алан Джонс
17%
Денни Халм
8%
Джон Сёртис
0%
Майк Хоторн
0%
No matching quizzes found
Score Distribution
Percent of People with Each Score
Percentile by Number Answered
Your Score History
You have not taken this quiz